[Event "11th Capablanca Memorial"]
[Site "Camaguey CUB"]
[Date "1974.??.??"]
[Round "9"]
[White "Schmidt, Wlodzimierz"]
[Black "Rossetto, Hector Decio"]
[Result "1-0"]
[WhiteElo "2455"]
[BlackElo "2435"]
[EventDate "1974.03.15"]
[PlyCount "91"]

1.Nf3 d5 2.g3 Nf6 3.Bg2 c6 4.O-O Bf5 5.b3 e6 6.Bb2 Nbd7 7.d3 Be7 8.Nbd2 
O-O 9.e3 a5 10.a4 Ne8 11.e4 Bg4 12.h3 Bxf3 13.Nxf3 Nc7 14.Qe2 Na6 15.Kh1 
Qc7 16.Rad1 Rae8 17.d4 f5 18.exd5 exd5 19.Ne5 Bd6 20.f4 Nf6 21.g4 Qc8 22.
Bf3 Nc7 23.Qg2 Kh8 24.Rg1 Re7 25.Qg3 Ne4 26.Bxe4 fxe4 27.f5 Kg8 28.Nxc6 
bxc6 29.Qxd6 Ree8 30.Bc1 Na6 31.Be3 Nb4 32.Rd2 Qa6 33.Qg3 Rd8 34.Qg2 Rf7 
35.Rf1 Qc8 36.Kg1 Na6 37.Rdf2 c5 38.g5 Qc6 39.Qg4 Nb4 40.g6 hxg6 41.fxg6 
Rxf2 42.Rxf2 Rd6 43.Rg2 cxd4 44.Bxd4 Nxc2 45.Qf5 Rf6 46.Bxf6 1-0

[Event "11th Capablanca Memorial"]
[Site "Camaguey CUB"]
[Date "1974.??.??"]
[Round "9"]
[White "Fernandez Gonzalez, Juan Carlos"]
[Black "Pfleger, Helmut"]
[Result "1/2-1/2"]
[WhiteElo "2435"]
[BlackElo "2520"]
[EventDate "1974.03.15"]
[PlyCount "76"]

1.d4 Nf6 2.c4 e6 3.Nf3 d5 4.Nc3 Be7 5.Bg5 h6 6.Bh4 b6 7.e3 O-O 8.Be2 Bb7 
9.Bxf6 Bxf6 10.cxd5 exd5 11.O-O Qe7 12.Qb3 Rd8 13.Rad1 c6 14.Rfe1 Nd7 15.
Bd3 Qf8 16.e4 dxe4 17.Nxe4 c5 18.d5 a6 19.d6 b5 20.Bb1 c4 21.Qc2 g6 22.
Nxf6+ Nxf6 23.Ne5 Bd5 24.d7 Qg7 25.Qe2 a5 26.Qe3 Be6 27.Be4 Nxe4 28.Qxe4 
Kh7 29.Qb7 b4 30.Qc7 c3 31.bxc3 bxc3 32.h3 f6 33.Ng4 c2 34.Qxc2 Bxg4 35.
hxg4 Rxd7 36.Rxd7 Qxd7 37.Rd1 Qe7 38.Qd2 Ra7 1/2-1/2

[Event "11th Capablanca Memorial"]
[Site "Camaguey CUB"]
[Date "1974.??.??"]
[Round "9"]
[White "Garcia Martinez, Silvino"]
[Black "Spasov, Luben"]
[Result "1-0"]
[WhiteElo "2450"]
[BlackElo "2470"]
[EventDate "1974.03.15"]
[PlyCount "75"]

1.c4 Nf6 2.Nc3 g6 3.e4 d6 4.d4 Bg7 5.f3 O-O 6.Be3 b6 7.Bd3 Bb7 8.Nge2 c5 
9.d5 e6 10.Bg5 Na6 11.O-O Nc7 12.f4 Qe8 13.h3 exd5 14.exd5 b5 15.f5 bxc4 
16.Bxc4 h6 17.Bf4 Qd7 18.fxg6 fxg6 19.Qd3 Kh7 20.Bh2 Ng8 21.Ne4 Ne8 22.
Rxf8 Bxf8 23.Nf4 Qf5 24.Ne6 Nef6 25.Nxf8+ Rxf8 26.Rf1 Nxe4 27.Rxf5 gxf5 
28.Qa3 Rf7 29.Qxa7 Ngf6 30.Qb8 Nd2 31.b3 Nfe4 32.Bxd6 Rg7 33.Be5 Nf3+ 34.
Kf1 Nfd2+ 35.Ke1 Re7 36.Qh8+ Kg6 37.Qg8+ Kh5 38.Be2+ 1-0

[Event "11th Capablanca Memorial"]
[Site "Camaguey CUB"]
[Date "1974.??.??"]
[Round "9"]
[White "Andersson, Ulf"]
[Black "Parma, Bruno"]
[Result "1/2-1/2"]
[WhiteElo "2555"]
[BlackElo "2500"]
[EventDate "1974.03.15"]
[PlyCount "32"]

1.Nf3 c5 2.c4 Nc6 3.Nc3 Nf6 4.g3 e6 5.Bg2 d5 6.cxd5 Nxd5 7.O-O Be7 8.d4 
O-O 9.Nxd5 exd5 10.Be3 c4 11.b3 cxb3 12.axb3 Bf5 13.Ne5 Nb4 14.Bd2 Bc2 15.
Qc1 Be4 16.Qb2 f6 1/2-1/2

[Event "11th Capablanca Memorial"]
[Site "Camaguey CUB"]
[Date "1974.??.??"]
[Round "10"]
[White "Parma, Bruno"]
[Black "Estevez Morales, Guillermo"]
[Result "1/2-1/2"]
[WhiteElo "2500"]
[BlackElo "2345"]
[EventDate "1974.03.15"]
[PlyCount "38"]

1.e4 c5 2.Nf3 Nc6 3.Bb5 g6 4.O-O Bg7 5.c3 e5 6.d4 cxd4 7.cxd4 Nxd4 8.Nxd4 
exd4 9.e5 Ne7 10.Qxd4 O-O 11.Rd1 a6 12.Ba4 b5 13.Bb3 Nc6 14.Qe4 Qe7 15.Bf4
Bxe5 16.Bxe5 Qxe5 17.Nc3 Bb7 18.Rxd7 Qxe4 19.Nxe4 Na5 1/2-1/2

[Event "11th Capablanca Memorial"]
[Site "Camaguey CUB"]
[Date "1974.??.??"]
[Round "10"]
[White "Knaak, Rainer"]
[Black "Garcia Gonzales, Guillermo"]
[Result "1-0"]
[WhiteElo "2475"]
[BlackElo "2470"]
[EventDate "1974.03.15"]
[PlyCount "83"]

1.d4 Nf6 2.c4 e6 3.Nc3 Bb4 4.e3 c5 5.Bd3 O-O 6.Nf3 d5 7.O-O Nc6 8.a3 Bxc3 
9.bxc3 dxc4 10.Bxc4 Qc7 11.Be2 Rd8 12.c4 b6 13.Bb2 Bb7 14.Qc2 cxd4 15.exd4
Qf4 16.Rad1 h6 17.Rfe1 Rac8 18.Bd3 Na5 19.Ne5 Nxc4 20.Bxc4 Ne4 21.g3 Rxc4 
22.Qe2 Qxf2+ 23.Qxf2 Nxf2 24.Nxc4 Nxd1 25.Rxd1 Rd5 26.Rd2 f6 27.Bc3 h5 28.
Ne3 Rd7 29.Bb2 Be4 30.Rd1 Kf7 31.Rc1 Bb7 32.Kf2 g5 33.Nc4 Kg6 34.Ke3 Ba6 
35.Nd2 Bb7 36.Rf1 Ba6 37.Rc1 e5 38.Ne4 exd4+ 39.Bxd4 Re7 40.Rc6 Kf5 41.
Rxf6+ Kg4 42.Rg6 1-0

[Event "11th Capablanca Memorial"]
[Site "Camaguey CUB"]
[Date "1974.??.??"]
[Round "10"]
[White "Pinal Borges, Nelson"]
[Black "Schmidt, Wlodzimierz"]
[Result "0-1"]
[WhiteElo "2310"]
[BlackElo "2455"]
[EventDate "1974.03.15"]
[PlyCount "106"]

1.e4 c5 2.Nf3 e6 3.d4 cxd4 4.Nxd4 Nc6 5.Nb5 d6 6.c4 Nf6 7.N5c3 Be7 8.Be2 
O-O 9.O-O b6 10.b3 Bb7 11.Bb2 Ne5 12.f4 Ng6 13.Qd3 a6 14.Nd2 Bc6 15.a4 Qc7
16.g3 Rad8 17.Bf3 Rfe8 18.Rac1 Qb8 19.Qe2 Rc8 20.Bg2 Nd7 21.h4 h6 22.h5 
Ngf8 23.Nf3 Nh7 24.Kh1 Bf6 25.Nh2 Qb7 26.Ng4 Nc5 27.Qc2 Bxc3 28.Qxc3 f6 
29.Rce1 Nxe4 30.Bxe4 Bxe4+ 31.Kh2 b5 32.axb5 axb5 33.Qd4 Bf3 34.Nf2 bxc4 
35.bxc4 f5 36.Ra1 Ra8 37.Bc3 Qf7 38.Qxd6 Qxh5+ 39.Kg1 Qg6 40.Kh2 Rad8 41.
Qe5 Rd7 42.Qe3 Bb7 43.Ra7 Nf6 44.Bxf6 Qxf6 45.Rb1 Qf7 46.Kg1 Ree7 47.Qe5 
Kh7 48.c5 Bd5 49.Ra3 Ra7 50.Rc3 Reb7 51.Re1 Ra2 52.Rce3 Qh5 53.Ra1 Rxf2 
0-1

[Event "11th Capablanca Memorial"]
[Site "Camaguey CUB"]
[Date "1974.??.??"]
[Round "10"]
[White "Cobo Arteaga, Eldis"]
[Black "Garcia Martinez, Silvino"]
[Result "1/2-1/2"]
[WhiteElo "2395"]
[BlackElo "2450"]
[EventDate "1974.03.15"]
[PlyCount "69"]

1.Nf3 c5 2.c4 g6 3.d4 Bg7 4.e4 Qa5+ 5.Nc3 Nf6 6.Bd2 d6 7.d5 O-O 8.Be2 e6 
9.O-O exd5 10.exd5 Na6 11.h3 Bf5 12.Nh4 Bd7 13.f4 Qd8 14.f5 Ne8 15.g3 Bf6 
16.fxg6 fxg6 17.Bg4 Bd4+ 18.Kg2 Rxf1 19.Qxf1 Bxg4 20.hxg4 Nf6 21.g5 Ng4 
22.Qe2 Qd7 23.Re1 Rf8 24.Bf4 Be5 25.Bxe5 Rf2+ 26.Qxf2 Nxf2 27.Bf6 Nd3 28.
Re6 Nc7 29.Re7 Qg4 30.Rxc7 Nf4+ 31.Kf2 Nh3+ 32.Kg2 Nf4+ 33.Kf2 Nh3+ 34.Kg2
Nf4+ 35.Kf2 1/2-1/2

[Event "11th Capablanca Memorial"]
[Site "Camaguey CUB"]
[Date "1974.??.??"]
[Round "10"]
[White "Spasov, Luben"]
[Black "Fernandez Gonzalez, Juan Carlos"]
[Result "1-0"]
[WhiteElo "2470"]
[BlackElo "2435"]
[EventDate "1974.03.15"]
[PlyCount "77"]

1.d4 Nf6 2.c4 c5 3.d5 b5 4.cxb5 a6 5.bxa6 Bxa6 6.Nc3 g6 7.Nf3 d6 8.g3 Bg7 
9.Bg2 O-O 10.O-O Nbd7 11.Qc2 Qb6 12.Rb1 Qb7 13.Rd1 Bc4 14.b3 Bxd5 15.Nxd5 
Nxd5 16.Ng5 e6 17.h4 N7b6 18.a4 Qe7 19.Bb2 f6 20.Ne4 Rfc8 21.Nxd6 Qxd6 22.
e4 Ra7 23.exd5 exd5 24.h5 gxh5 25.Qf5 Rd8 26.Be4 Re7 27.Qxh7+ Kf8 28.Bf3 
d4 29.Bc1 Nd5 30.Bh6 Qe6 31.Rbc1 Nc7 32.Rxc5 Qxb3 33.Qh8+ Qg8 34.Bxg7+ 
Rxg7 35.Qh6 Ne8 36.Qxh5 Qb3 37.Rd5 Rxd5 38.Bxd5 Qxa4 39.Re1 1-0

[Event "11th Capablanca Memorial"]
[Site "Camaguey CUB"]
[Date "1974.??.??"]
[Round "10"]
[White "Pfleger, Helmut"]
[Black "Vasiukov, Evgeny"]
[Result "0-1"]
[WhiteElo "2520"]
[BlackElo "2560"]
[EventDate "1974.03.15"]
[PlyCount "83"]

1.Nf3 d5 2.d4 Nf6 3.g3 c6 4.Bg2 Bf5 5.O-O e6 6.c4 Be7 7.Nc3 Nbd7 8.Qb3 Qb6
9.c5 Qxb3 10.axb3 O-O 11.b4 a6 12.Rd1 h6 13.Ne5 Rfd8 14.Nxd7 Nxd7 15.Bf4 
Rac8 16.f3 g5 17.Be3 h5 18.h3 Re8 19.Bc1 Bc2 20.Rd2 Bg6 21.e4 g4 22.Re2 
Rcd8 23.e5 gxf3 24.Bxf3 f6 25.Bf4 fxe5 26.dxe5 Rf8 27.Kg2 Rxf4 28.gxf4 Rf8
29.Kg3 h4+ 30.Kg2 Rxf4 31.Bg4 Kf7 32.Rae1 Bg5 33.Rf2 Ke7 34.Rxf4 Bxf4 35.
Ne2 Bxe5 36.Nf4 Be4+ 37.Rxe4 dxe4 38.Nxe6 Nf6 39.Bf5 Nd5 40.Kf2 Bxb2 41.
Bg4 Nxb4 42.Ke2 0-1

[Event "11th Capablanca Memorial"]
[Site "Camaguey CUB"]
[Date "1974.??.??"]
[Round "10"]
[White "Gufeld, Eduard"]
[Black "Andersson, Ulf"]
[Result "0-1"]
[WhiteElo "2500"]
[BlackElo "2555"]
[EventDate "1974.03.15"]
[PlyCount "192"]

1.e4 c5 2.Nf3 e6 3.d4 cxd4 4.Nxd4 Nc6 5.Nb5 d6 6.c4 Nf6 7.N1c3 a6 8.Na3 
Be7 9.Be2 O-O 10.O-O b6 11.Be3 Bb7 12.Rc1 Re8 13.Kh1 Rb8 14.Qd2 Ne5 15.f3 
d5 16.Bf4 Bd6 17.Rcd1 Qc7 18.cxd5 exd5 19.Nxd5 Nxd5 20.exd5 Ng6 21.Bxd6 
Qxd6 22.Nc4 Qxd5 23.Nd6 Qxd2 24.Rxd2 Rbd8 25.Rfd1 Rxd6 26.Rxd6 Rxe2 27.
Rxb6 Re7 28.Rd8+ Nf8 29.Kg1 g6 30.Rb8 Bd5 31.Rxa6 Kg7 32.Rd8 Bc4 33.Ra4 
Re1+ 34.Kf2 Re2+ 35.Kg3 Be6 36.b3 g5 37.h4 gxh4+ 38.Rxh4 Rxa2 39.Rd3 Rb2 
40.b4 Ng6 41.Rhd4 Ne7 42.Rd2 Rb3 43.Kh2 Nf5 44.Re4 h5 45.Rc2 Kf6 46.Rc5 
Rb2 47.Rf4 Kg6 48.Re4 Rd2 49.b5 Rb2 50.Ree5 Nd4 51.Rg5+ Kf6 52.Rxh5 Nxf3+ 
53.Kg3 Ne1 54.Rh6+ Ke7 55.Rc7+ Kf8 56.Rh2 Rb3+ 57.Kf2 Nd3+ 58.Ke3 Nb2+ 59.
Kf2 Rxb5 60.Rh8+ Kg7 61.Rd8 Rb3 62.Rd2 Nd3+ 63.Kg1 Ne5 64.Rc1 Kg6 65.Re1 
Ng4 66.Rf1 Bc4 67.Rc1 Bd3 68.Ra1 Be4 69.Re2 f5 70.Rea2 Rg3 71.Re1 Kg5 72.
Rae2 Ra3 73.Rb2 Kf4 74.Rbe2 Kg3 75.Kh1 Ba8 76.Kg1 f4 77.Rb2 Ne3 78.Rbe2 
Bc6 79.Rb2 Bxg2 80.Rb3 Ra2 81.Rbxe3+ fxe3 82.Rxe3+ Bf3 83.Kf1 Rd2 84.Re8 
Rd7 85.Rg8+ Kf4 86.Re8 Rd2 87.Ke1 Rd1+ 88.Kf2 Rd2+ 89.Ke1 Rh2 90.Re7 Be4 
91.Kd1 Ke3 92.Kc1 Rc2+ 93.Kd1 Rc8 94.Re5 Rh8 95.Kc1 Rb8 96.Rb5 Rxb5 0-1

[Event "11th Capablanca Memorial"]
[Site "Camaguey CUB"]
[Date "1974.??.??"]
[Round "10"]
[White "Ribli, Zoltan"]
[Black "Rossetto, Hector Decio"]
[Result "1-0"]
[WhiteElo "2525"]
[BlackElo "2435"]
[EventDate "1974.03.15"]
[PlyCount "61"]

1.c4 Nc6 2.Nc3 Nf6 3.g3 g6 4.d4 Bg7 5.Bg2 O-O 6.Nf3 d6 7.O-O a6 8.d5 Na5 
9.Nd2 c5 10.Qc2 e6 11.b3 exd5 12.cxd5 b5 13.Bb2 Re8 14.e4 Ra7 15.Nd1 Rae7 
16.Ne3 Ng4 17.Rae1 Nxe3 18.Rxe3 f5 19.Bxg7 Rxg7 20.Rfe1 Rge7 21.Qb2 Nb7 
22.f4 Qa5 23.e5 c4 24.b4 Qb6 25.e6 a5 26.a3 Nd8 27.h3 Ra7 28.Kh2 axb4 29.
axb4 Ra4 30.g4 fxg4 31.Ne4 1-0

[Event "11th Capablanca Memorial"]
[Site "Camaguey CUB"]
[Date "1974.??.??"]
[Round "11"]
[White "Schmidt, Wlodzimierz"]
[Black "Knaak, Rainer"]
[Result "1/2-1/2"]
[WhiteElo "2455"]
[BlackElo "2475"]
[EventDate "1974.03.15"]
[PlyCount "31"]

1.Nf3 g6 2.c4 Bg7 3.d4 d6 4.Nc3 Nd7 5.g3 e5 6.Bg2 Ne7 7.e4 O-O 8.O-O exd4 
9.Nxd4 Ne5 10.b3 c6 11.h3 f5 12.exf5 Nxf5 13.Nde2 g5 14.Qd2 h6 15.Bb2 Be6 
16.Rad1 1/2-1/2

[Event "11th Capablanca Memorial"]
[Site "Camaguey CUB"]
[Date "1974.??.??"]
[Round "11"]
[White "Andersson, Ulf"]
[Black "Ribli, Zoltan"]
[Result "1/2-1/2"]
[WhiteElo "2555"]
[BlackElo "2525"]
[EventDate "1974.03.15"]
[PlyCount "57"]

1.Nf3 g6 2.e4 Bg7 3.d4 d6 4.Be2 c5 5.d5 Nf6 6.Nc3 O-O 7.O-O Na6 8.Re1 Nc7 
9.a4 Bg4 10.h3 Bxf3 11.Bxf3 Nd7 12.Bf4 a6 13.Qd2 b5 14.Bh6 Bxh6 15.Qxh6 b4
16.Nd1 e6 17.Qd2 exd5 18.exd5 Qf6 19.c3 Rab8 20.Ne3 Ne5 21.Be2 bxc3 22.
bxc3 Rb3 23.Rec1 Rfb8 24.Qc2 Kg7 25.Rab1 c4 26.Bxc4 Rxc3 27.Qxc3 Rxb1 28.
Bf1 Rb7 29.Qa5 1/2-1/2

[Event "11th Capablanca Memorial"]
[Site "Camaguey CUB"]
[Date "1974.??.??"]
[Round "11"]
[White "Fernandez Gonzalez, Juan Carlos"]
[Black "Cobo Arteaga, Eldis"]
[Result "0-1"]
[WhiteElo "2435"]
[BlackElo "2395"]
[EventDate "1974.03.15"]
[PlyCount "81"]

1.e4 c5 2.Nf3 d6 3.d4 cxd4 4.Nxd4 Nf6 5.Nc3 Nc6 6.Bc4 e6 7.Be3 Be7 8.Qe2 
O-O 9.O-O-O a6 10.Rhg1 Nxd4 11.Bxd4 b5 12.Bb3 Bb7 13.e5 dxe5 14.Bxe5 Qb6 
15.g4 Rfd8 16.g5 Rxd1+ 17.Rxd1 Ne8 18.Rd7 Bxg5+ 19.f4 Bc8 20.Rd3 Be7 21.
Ne4 Bb7 22.Bd4 Qc7 23.Be5 Qc6 24.Ng5 Rd8 25.c3 Rxd3 26.Qxd3 g6 27.Bd1 Qd5 
28.Qxd5 Bxd5 29.Nf3 f6 30.Bb8 Kf7 31.b3 h6 32.Nh4 Bc5 33.Kd2 Bf2 34.Nf3 g5
35.fxg5 hxg5 36.Be2 e5 37.a4 Bxb3 38.axb5 axb5 39.Bxb5 Ng7 40.Ke2 Bc5 41.
Nxe5+ 0-1

[Event "11th Capablanca Memorial"]
[Site "Camaguey CUB"]
[Date "1974.??.??"]
[Round "11"]
[White "Rossetto, Hector Decio"]
[Black "Pinal Borges, Nelson"]
[Result "1/2-1/2"]
[WhiteElo "2435"]
[BlackElo "2310"]
[EventDate "1974.03.15"]
[PlyCount "115"]

1.d4 Nf6 2.Nc3 g6 3.e4 d6 4.Bg5 c6 5.Qd2 b5 6.f3 Nbd7 7.a4 b4 8.Nd1 a5 9.
h4 h6 10.Be3 e5 11.Ne2 Ba6 12.Nf2 Qc7 13.Rd1 c5 14.dxe5 dxe5 15.Ng3 Bxf1 
16.Kxf1 h5 17.Ne2 Be7 18.c4 bxc3 19.Nxc3 O-O 20.Nb5 Qc6 21.Rc1 c4 22.Qc2 
Nb6 23.Nd3 Nfd7 24.b3 f5 25.exf5 Rxf5 26.Nf2 Bc5 27.Bxc5 Nxc5 28.bxc4 Rf4 
29.Qe2 e4 30.Rh3 Re8 31.Qe3 Rf6 32.f4 Ref8 33.Nd4 Qxa4 34.f5 Kh7 35.Kg1 
gxf5 36.Qg5 Qe8 37.Rg3 Qf7 38.Nh3 Rg8 39.Rf1 Kh8 40.Qf4 Rxg3 41.Qxg3 Nbd7 
42.Qg5 Ne5 43.Nf4 e3 44.Nd5 Ne4 45.Qf4 e2 46.Nxe2 Re6 47.Qe3 Ng4 48.Qd4+ 
Kh7 49.Rb1 Qg7 50.Qxg7+ Kxg7 51.Nef4 Rc6 52.Rb7+ Kf8 53.Nb6 Rd6 54.Nfd5 
Nc5 55.Rc7 Re6 56.g3 Nd3 57.Rc8+ Kf7 58.Rc7+ 1/2-1/2

[Event "11th Capablanca Memorial"]
[Site "Camaguey CUB"]
[Date "1974.??.??"]
[Round "11"]
[White "Vasiukov, Evgeny"]
[Black "Spasov, Luben"]
[Result "1-0"]
[WhiteElo "2560"]
[BlackElo "2470"]
[EventDate "1974.03.15"]
[PlyCount "79"]

1.e4 c5 2.Nf3 d6 3.Nc3 Nc6 4.d4 cxd4 5.Nxd4 Nf6 6.Bg5 Qb6 7.Nb3 e6 8.g4 a6
9.Be3 Qc7 10.g5 Nd7 11.f4 Nc5 12.Bg2 Bd7 13.O-O O-O-O 14.Rf2 g6 15.a4 h6 
16.h4 hxg5 17.hxg5 Rh4 18.Nd4 Nb4 19.Ndb5 Bxb5 20.axb5 a5 21.Rd2 d5 22.
exd5 Bd6 23.dxe6 Nxe6 24.b6 Bxf4 25.Rxd8+ Qxd8 26.Qxd8+ Nxd8 27.Bxf4 Rxf4 
28.Rxa5 Nbc6 29.Ra8+ Kd7 30.Ne4 Ne6 31.c3 Rf5 32.b4 Rb5 33.Bf1 Rxb6 34.b5 
Ne5 35.Kf2 f5 36.gxf6 Nc7 37.Bh3+ Ne6 38.Nc5+ Kd6 39.Nxe6 Rxb5 40.Rd8+ 1-0

[Event "11th Capablanca Memorial"]
[Site "Camaguey CUB"]
[Date "1974.??.??"]
[Round "11"]
[White "Estevez Morales, Guillermo"]
[Black "Gufeld, Eduard"]
[Result "0-1"]
[WhiteElo "2345"]
[BlackElo "2500"]
[EventDate "1974.03.15"]
[PlyCount "82"]

1.e4 d6 2.d4 Nf6 3.Nc3 g6 4.Nf3 Bg7 5.Be2 O-O 6.O-O Nc6 7.d5 Nb8 8.h3 c6 
9.Bf4 Nbd7 10.Re1 cxd5 11.exd5 Nb6 12.a4 a5 13.Qd2 Bd7 14.Bh6 Rc8 15.Bxg7 
Kxg7 16.Ng5 h6 17.Nge4 Nbxd5 18.Nxd5 Nxe4 19.Qd4+ Nf6 20.Nxf6 exf6 21.Rad1
Re8 22.Qxd6 Bxa4 23.Qxd8 Rcxd8 24.Rxd8 Rxd8 25.Bf3 Bxc2 26.Bxb7 a4 27.Re2 
Rd1+ 28.Kh2 Bb3 29.Bc6 f5 30.f3 g5 31.Kg3 f4+ 32.Kf2 f5 33.Re1 Rd2+ 34.Re2
Rd6 35.Bb5 Kf6 36.Ke1 Rd5 37.Ba6 Rd1+ 38.Kf2 h5 39.Re1 Rd8 40.Bb5 Rd2+ 41.
Re2 Rd5 0-1

[Event "11th Capablanca Memorial"]
[Site "Camaguey CUB"]
[Date "1974.??.??"]
[Round "11"]
[White "Garcia Gonzales, Guillermo"]
[Black "Pfleger, Helmut"]
[Result "0-1"]
[WhiteElo "2470"]
[BlackElo "2520"]
[EventDate "1974.03.15"]
[PlyCount "102"]

1.c4 c5 2.Nc3 Nf6 3.g3 Nc6 4.Bg2 g6 5.d3 Bg7 6.Nh3 d6 7.Nf4 Bd7 8.Bd2 a6 
9.h4 h6 10.a3 Rb8 11.Rb1 b5 12.cxb5 axb5 13.b4 cxb4 14.axb4 O-O 15.Nfd5 
Nxd5 16.Nxd5 e6 17.Ne3 f5 18.f4 Nd4 19.O-O Rc8 20.Qe1 Bc6 21.Qf2 Qb6 22.
Kh2 h5 23.Rfc1 Bxg2 24.Nxg2 Qb7 25.Ne1 Rxc1 26.Bxc1 Qd5 27.e3 Nc6 28.Qg2 
Qxg2+ 29.Kxg2 Ra8 30.d4 Ra2+ 31.Kf1 Kf7 32.Nf3 Ke7 33.Bd2 Kd7 34.Be1 Bf6 
35.Rb3 e5 36.dxe5 dxe5 37.Bc3 Ke6 38.Nd2 Be7 39.Nb1 e4 40.Na3 Kd5 41.Be1 
Bxb4 42.Rxb4 Nxb4 43.Bxb4 Rb2 44.Bf8 b4 45.Nb5 Kc4 46.Nd6+ Kd3 47.Nf7 Kxe3
48.Ne5 Rb1+ 49.Kg2 b3 50.Nc4+ Kd3 51.Ne5+ Ke2 0-1

[Event "11th Capablanca Memorial"]
[Site "Camaguey CUB"]
[Date "1974.??.??"]
[Round "11"]
[White "Garcia Martinez, Silvino"]
[Black "Parma, Bruno"]
[Result "1/2-1/2"]
[WhiteElo "2450"]
[BlackElo "2500"]
[EventDate "1974.03.15"]
[PlyCount "29"]

1.e4 d6 2.d4 Nf6 3.Nc3 g6 4.Nf3 Bg7 5.Be2 O-O 6.O-O Nc6 7.Be3 Bg4 8.Qd2 e5
9.dxe5 dxe5 10.Rad1 Qc8 11.Qc1 Rd8 12.Rxd8+ Qxd8 13.Rd1 Qf8 14.h3 Bxf3 15.
Bxf3 1/2-1/2

[Event "11th Capablanca Memorial"]
[Site "Camaguey CUB"]
[Date "1974.??.??"]
[Round "12"]
[White "Cobo Arteaga, Eldis"]
[Black "Vasiukov, Evgeny"]
[Result "0-1"]
[WhiteElo "2395"]
[BlackElo "2560"]
[EventDate "1974.03.15"]
[PlyCount "113"]

1.e4 Nf6 2.Nc3 d5 3.e5 Nfd7 4.Nxd5 Nxe5 5.Ne3 Nbc6 6.Nf3 Nxf3+ 7.Qxf3 g6 
8.Bb5 Bd7 9.d4 Bg7 10.c3 O-O 11.O-O Nxd4 12.cxd4 Bxb5 13.Rd1 c6 14.a4 Ba6 
15.Ra3 Qd6 16.Ng4 Bc4 17.Bf4 Qb4 18.h4 Qxb2 19.Re3 Bd5 20.Qg3 h5 21.Ne5 
Qc2 22.Rdd3 Rad8 23.Qg5 Qb1+ 24.Kh2 Qf1 25.Rg3 Be4 26.Qxe7 Bxd3 27.Nxd3 
Rxd4 28.Be5 Rg4 29.Bxg7 Kxg7 30.Rxg4 Qxd3 31.Rf4 Qb3 32.Rb4 Qc2 33.Qxb7 
Qxf2 34.Qxc6 Rd8 35.Qc3+ Kh7 36.Qf3 Qxf3 37.gxf3 Kg7 38.Kg3 Rd5 39.Rc4 Ra5
40.Kf4 Kf6 41.Rd4 Ke6 42.Re4+ Kd6 43.Rd4+ Kc6 44.Re4 Rf5+ 45.Kg3 Kb6 46.
Re7 a6 47.Rd7 Kc6 48.Ra7 Kb6 49.Rd7 Ka5 50.Rd4 Rf6 51.Re4 Re6 52.Rf4 Rb6 
53.Rxf7 Kxa4 54.Kf4 a5 55.Kg5 Kb4 56.f4 a4 57.Ra7 0-1

[Event "11th Capablanca Memorial"]
[Site "Camaguey CUB"]
[Date "1974.??.??"]
[Round "12"]
[White "Spasov, Luben"]
[Black "Garcia Gonzales, Guillermo"]
[Result "0-1"]
[WhiteElo "2470"]
[BlackElo "2470"]
[EventDate "1974.03.15"]
[PlyCount "86"]

1.d4 Nf6 2.c4 g6 3.Nc3 d5 4.Bg5 Ne4 5.Bh4 c5 6.e3 cxd4 7.Qxd4 Rg8 8.cxd5 
Nxc3 9.bxc3 Bg7 10.Qd2 Nd7 11.Bb5 Qa5 12.Bxd7+ Bxd7 13.Ne2 Bb5 14.O-O g5 
15.Bg3 h5 16.h3 h4 17.Bh2 Qa6 18.Nd4 Bxf1 19.Rxf1 Bxd4 20.Qxd4 Qb5 21.d6 
Qd7 22.Rb1 g4 23.Qe4 f5 24.Qd5 e6 25.Qxb7 Qxb7 26.Rxb7 g3 27.Bxg3 hxg3 28.
c4 O-O-O 29.Rc7+ Kb8 30.c5 Rc8 31.Re7 Rxc5 32.fxg3 Re5 33.Kf2 Rd8 34.h4 
Rxd6 35.h5 f4 36.gxf4 Rxh5 37.g4 Rh3 38.Ke2 Ra6 39.f5 exf5 40.gxf5 Rxa2+ 
41.Kd3 Rf2 42.Ke4 Rhf3 43.Rf7 a5 0-1

[Event "11th Capablanca Memorial"]
[Site "Camaguey CUB"]
[Date "1974.??.??"]
[Round "12"]
[White "Pfleger, Helmut"]
[Black "Schmidt, Wlodzimierz"]
[Result "1-0"]
[WhiteElo "2520"]
[BlackElo "2455"]
[EventDate "1974.03.15"]
[PlyCount "121"]

1.Nf3 Nf6 2.d4 g6 3.c4 Bg7 4.Nc3 d5 5.e3 O-O 6.Be2 c5 7.O-O cxd4 8.exd4 
Nc6 9.Bg5 Be6 10.cxd5 Nxd5 11.Qd2 Rc8 12.Bh6 Nxc3 13.bxc3 Na5 14.Rab1 Nc4 
15.Bxc4 Bxc4 16.Rfe1 Bd5 17.Bxg7 Kxg7 18.Ne5 Qa5 19.Re3 Qxa2 20.Qc1 Qa6 
21.Ra1 Qd6 22.Rxa7 Ra8 23.Rxa8 Rxa8 24.c4 Rc8 25.c5 Qf6 26.Ra3 h5 27.f3 
Rd8 28.Qe3 Bc6 29.h3 h4 30.Rd3 g5 31.Kf2 Bd5 32.Ng4 Qf4 33.Qxe7 Bc4 34.
Qxd8 Bxd3 35.Qd6 Qxd6 36.cxd6 Bf5 37.Ne5 Kf8 38.d7 Ke7 39.Nxf7 Kxd7 40.
Nxg5 Kd6 41.Ke3 b5 42.Ne4+ Ke7 43.Kf4 Bh7 44.Ke5 Bg8 45.Nf6 Bc4 46.d5 Kf7 
47.Ne4 b4 48.g3 hxg3 49.Nxg3 b3 50.Ne4 b2 51.Nd2 Be2 52.f4 Ke8 53.f5 Ke7 
54.h4 Bh5 55.Nb1 Bd1 56.f6+ Kf7 57.Nc3 Bh5 58.Kf5 Ke8 59.Kg5 Bf7 60.d6 Kd7
61.h5 1-0

[Event "11th Capablanca Memorial"]
[Site "Camaguey CUB"]
[Date "1974.??.??"]
[Round "12"]
[White "Gufeld, Eduard"]
[Black "Garcia Martinez, Silvino"]
[Result "1-0"]
[WhiteElo "2500"]
[BlackElo "2450"]
[EventDate "1974.03.15"]
[PlyCount "69"]

1.e4 e5 2.Nc3 Nf6 3.g3 d5 4.exd5 Nxd5 5.Bg2 Be6 6.Nf3 Nc6 7.O-O Be7 8.Re1 
Nxc3 9.bxc3 f6 10.d4 O-O 11.Qe2 Qd7 12.dxe5 Rae8 13.exf6 Bxf6 14.Ba3 Bxa2 
15.Qf1 Qf7 16.Bxf8 Rxf8 17.Re3 Bc4 18.Qe1 a5 19.Nd2 Bd5 20.Ne4 Be7 21.Rd1 
Ba2 22.Nd2 Bc5 23.Rf3 Qg6 24.Nb3 Re8 25.Qd2 Bb6 26.Ra1 a4 27.Rxa2 axb3 28.
cxb3 Qb1+ 29.Bf1 h6 30.Kg2 Qe4 31.Bc4+ Kh8 32.Bd5 Qg6 33.Bf7 Qe4 34.Bxe8 
Ne5 35.Qe2 1-0

[Event "11th Capablanca Memorial"]
[Site "Camaguey CUB"]
[Date "1974.??.??"]
[Round "12"]
[White "Ribli, Zoltan"]
[Black "Pinal Borges, Nelson"]
[Result "1/2-1/2"]
[WhiteElo "2525"]
[BlackElo "2310"]
[EventDate "1974.03.15"]
[PlyCount "83"]

1.e4 c5 2.Nf3 Nc6 3.d4 cxd4 4.Nxd4 g6 5.Nc3 Bg7 6.Be3 Nf6 7.Bc4 O-O 8.Bb3 
d6 9.f3 Bd7 10.h4 Ne5 11.g4 Qa5 12.h5 Rfc8 13.hxg6 Rxc3 14.gxf7+ Kf8 15.
bxc3 Qxc3+ 16.Ke2 Nxf3 17.Nxf3 Bb5+ 18.Qd3 Bxd3+ 19.cxd3 Qb2+ 20.Bd2 d5 
21.e5 Nd7 22.Rab1 Qa3 23.e6 Nf6 24.g5 Ne4 25.dxe4 dxe4 26.Ne1 Qa6+ 27.Kf2 
Bd4+ 28.Be3 Bxe3+ 29.Kxe3 Qb6+ 30.Kxe4 Qb4+ 31.Kf3 Qc3+ 32.Kg4 Qd4+ 33.Kh5
Qe4 34.Nc2 Qg6+ 35.Kg4 Qe4+ 36.Kg3 Rc8 37.Rbe1 Rc3+ 38.Ne3 Rxe3+ 39.Rxe3 
Qxe3+ 40.Kg2 Qxg5+ 41.Kh2 Qh4+ 42.Kg2 1/2-1/2

[Event "11th Capablanca Memorial"]
[Site "Camaguey CUB"]
[Date "1974.??.??"]
[Round "12"]
[White "Parma, Bruno"]
[Black "Fernandez Gonzalez, Juan Carlos"]
[Result "1-0"]
[WhiteElo "2500"]
[BlackElo "2435"]
[EventDate "1974.03.15"]
[PlyCount "95"]

1.e4 e6 2.d4 d5 3.Nd2 c5 4.Ngf3 Nc6 5.exd5 exd5 6.Bb5 Bd6 7.dxc5 Bxc5 8.
Nb3 Bd6 9.O-O Ne7 10.Bd2 O-O 11.Bc3 a6 12.Bd3 Bf5 13.Re1 Qd7 14.Nbd4 Bg6 
15.Qd2 Rfe8 16.Rad1 Nxd4 17.Nxd4 Rad8 18.Qg5 h6 19.Qd2 Bc7 20.g3 Bxd3 21.
Qxd3 Ng6 22.Qf5 Qxf5 23.Rxe8+ Rxe8 24.Nxf5 Be5 25.Bd4 Bxd4 26.Rxd4 Rc8 27.
c3 Rc5 28.a4 Kf8 29.Rb4 Rc7 30.Nd6 Ke7 31.Nxb7 Ne5 32.Na5 Nd3 33.Rb6 Kd7 
34.Kf1 Nc5 35.Rb4 Nd3 36.Rb8 Nc5 37.Nb3 Nxa4 38.Nd4 Nc5 39.Ke2 g6 40.Rf8 
Ke7 41.Ra8 Na4 42.Rb8 Nc5 43.Nc2 Rd7 44.Ke3 Rd6 45.Nb4 Ne6 46.Rb7+ Kf6 47.
Rb6 Ke7 48.Rxa6 1-0

[Event "11th Capablanca Memorial"]
[Site "Camaguey CUB"]
[Date "1974.??.??"]
[Round "12"]
[White "Knaak, Rainer"]
[Black "Rossetto, Hector Decio"]
[Result "1-0"]
[WhiteElo "2475"]
[BlackElo "2435"]
[EventDate "1974.03.15"]
[PlyCount "65"]

1.d4 Nf6 2.c4 e6 3.Nc3 d5 4.Bg5 Be7 5.Nf3 h6 6.Bh4 O-O 7.e3 Nbd7 8.cxd5 
Nxd5 9.Bxe7 Qxe7 10.Nxd5 exd5 11.Rc1 c6 12.Bd3 Qb4+ 13.Qd2 a5 14.O-O Re8 
15.Qc2 Qd6 16.Rfe1 Nf8 17.Ne5 Be6 18.h3 Nd7 19.f4 Nf8 20.Qf2 f6 21.Nf3 Re7
22.Re2 Rae8 23.Kh1 Qd7 24.g4 Qd6 25.Rg1 g5 26.fxg5 hxg5 27.h4 Bf7 28.hxg5 
fxg5 29.Kg2 Bg6 30.Bf5 Rh7 31.Kf1 Qf6 32.Ne5 Ree7 33.Bxg6 1-0

[Event "11th Capablanca Memorial"]
[Site "Camaguey CUB"]
[Date "1974.??.??"]
[Round "12"]
[White "Andersson, Ulf"]
[Black "Estevez Morales, Guillermo"]
[Result "1-0"]
[WhiteElo "2555"]
[BlackElo "2345"]
[EventDate "1974.03.15"]
[PlyCount "58"]

1.Nf3 Nf6 2.c4 b6 3.g3 Bb7 4.Bg2 e5 5.O-O e4 6.Ne1 c6 7.Nc3 d5 8.cxd5 cxd5
9.d3 Be7 10.dxe4 dxe4 11.Qxd8+ Bxd8 12.Nc2 O-O 13.Rd1 Na6 14.Bf4 Be7 15.
Ne3 Rfd8 16.a3 Nc5 17.Nf5 Bf8 18.Bg5 Ncd7 19.Rac1 h6 20.Bf4 Nc5 21.h3 Nb3 
22.Rb1 Bc6 23.Bd6 Re8 24.Bxf8 Kxf8 25.Rd6 Bb7 26.Rbd1 Na5 27.R6d4 Nb3 28.
Rb4 Nc5 29.Nd6 Red8 1-0